| 000 | 01048cam a2200217 4500 | ||
|---|---|---|---|
| 001 | WB3806-01 | ||
| 008 | 020213n2002 000 0 eng u | ||
| 035 | _a(Sirsi) u116707 | ||
| 245 | _aeBay strikes deal | ||
| 260 | _c2002 | ||
| 490 |
_aRICS Antiques & Fine Art Faculty News _v11 February 2002, (1) |
||
| 520 | _aeBay has struck a deal with Sothebys to rebuild and redesign the sothebys.com site which will connect its auction house and salerooms around the world plus associate dealers to eBay's 42m registered users. Sothebys will also adopt e-Bay's live auctions technology to enable real time bidding for a number of its auctions held in New York and London. Selected eBay Premier dealers and Butterfield auctioneers will also be given access. http://www.rics.org/ricscms/bin/show?class=News&template=/includes/shownews.html&id=1866 | ||
| 590 | _aWB | ||
| 650 | _aELECTRONIC TRADING | ||
| 650 | _aEBAY | ||
| 650 | _aSOTHEBYS | ||
| 650 | _aINTERNET | ||
| 650 | _aAUCTION HOUSES | ||
| 690 |
_aArts and antiques _96217 |
||
| 942 | _n0 | ||
| 999 |
_c69513 _d69513 |
||